| 000 | 01074nac a22002897a 4500 | ||
|---|---|---|---|
| 001 | BR8300331 | ||
| 003 | BR-BrBNA | ||
| 005 | 20240105115611.0 | ||
| 008 | 230509b bl.|||m| |||| 00| 0 por d | ||
| 040 |
_aBR-BrBNA _bpor _cBiblioteca Nacional de Agricultura |
||
| 072 | _aE10 | ||
| 090 | _aE10 BR8300331 | ||
| 100 | 1 | _aVeloso, R.F. | |
| 110 | 1 |
_aEmpresa Brasileira de Pesquisa Agropecuaria, Brasilia, DF. Depto. de Difusao de Tecnologia _93869 |
|
| 245 | 1 |
_aImplantacao de um empreendimento agricola no cerrado do Distrito Federal [Brasil] _bv. 1 |
|
| 246 | 1 |
_a[Establishment of a farm enterprise in the cerrado area of the Federal District [Brazil]] _b[v. 1] |
|
| 260 | 3 |
_aBrasilia, DF (Brasil): _c1982. |
|
| 300 | _a39 p. | ||
| 490 |
_aDocumentos - Empresa Brasileira de Pesquisa Agropecuaria. Depto. de Difusao de Tecnologia (Brazil) _vno. 5 _x |
||
| 500 | _a11 illus. | ||
| 650 | _aEMPRESA RURAL | ||
| 650 | _aADMINISTRACAO | ||
| 650 | _aCERRADO | ||
| 650 | _aDISTRITO FEDERAL | ||
| 909 |
_a202312 _bLúcia Elande _c55 _dLúcia Elande |
||
| 942 |
_2AGRIS _n0 _cMS |
||
| 999 |
_c275505 _d275505 |
||